Através do continente misterioso (Registo nº 4081)
[ vista simples ]
| 000 -Etiqueta do registo | |
|---|---|
| Cabeçalho | 00566cam a22002171 4500 |
| 005 - Identificador da versão | |
| Campo de controlo | 20240813122052.0 |
| 095 ## - | |
| -- | PTBN00283000 |
| 100 ## - Dados gerais de processamento | |
| Dados gerais de processamento | 19940705d1974 m y0pory5003 ba |
| 102 ## - Pais de publicação ou produção | |
| País de publicação | Portugal |
| 101 0# - Língua de publicação | |
| Língua do texto, banda sonora, etc. | Português |
| 215 ## - Descrição física | |
| Indicação específica da natureza do documento e extensão da espécie | 256, [2] p. |
| Outras indicações físicas | il. |
| Dimensões | 17 cm |
| 200 1# - Titulo e menção de responsabilidade | |
| Título próprio | Através do continente misterioso |
| Primeira menção de responsabilidade | Adolfo Simões Müller |
| 205 ## - Menção da edição | |
| Menção da edição | 2ª ed |
| 210 ## - Publicação, Distribuição, etc. | |
| Lugar da edição, distribuição, etc. | Porto |
| Nome do editor, distribuidor, etc. | Tavares Martins |
| Data da publicação, distribuição, etc. | 1970 |
| 675 ## - Classificação Decimal Universal (CDU) | |
| Notação | 92 |
| Edição | med |
| Língua da edição | por |
| 700 #1 - Nome de autor-pessoa física (responsabilidade principal) | |
| Número de registo de entrada de autoridade | 0000339 |
| Palavra de ordem | Müller |
| Outra parte do nome não tomada para palavra de ordem | Adolfo Simões |
| Datas | 1909-1989 |
| 942 ## - Elementos de entrada adicionados (Koha) | |
| Tipo de item no Koha | Livro |
| Situação do levantamento | Origin of item (home branch) (coded) | Biblioteca de empréstimo | Código de barras | Cota | Circulation type (not for loan) | Tipo de documento | Nota do exemplar | Damaged status |
|---|---|---|---|---|---|---|---|---|
| Biblioteca Escolar das Vendas | Biblioteca Escolar das Vendas | BEV616 | 9PT MUL | Livro | Sem mensagem |
